01822nam a22003734a 4500001001200000003000800012006001900020007001500039008004100054010001700095020003900112040002100151035002100172043001200193050002600205082001900231100002500250245010300275246002400378260005600402300002200458490003100480504005100511505034100562533015200903650005601055650005601111650006201167655002901229710001701258830003201275856012601307999001501433ebr10282570CaPaEBRm u cr cn|||||||||070813s2008 miua sb 001 0 eng  z 2007033485 z9781934110195 (cloth : alk. paper) aCaPaEBRcCaPaEBR a(OCoLC)317403241 an-usu--14aML3551.5b.M56 2008eb04a781.6409752221 aMinton, John,d1957-10a78 bluesh[electronic resource] :bfolksongs and phonographs in the American South /cJohn Minton.3 aSeventy-eight blues aJackson :bUniversity Press of Mississippi,cc2008. ax, 288 p. :bill.1 aAmerican made music series aIncludes bibliographical references and index.0 aPrelude: supposing we have us a little tune here -- Learning to listen -- True relations -- Let's get this dance started -- Here's one you can all sing right with us -- A special prayer on the man that's a-catching the record -- I ought to be recording right now -- A corn licker still in Georgia -- Coda: well folks, here we are again. aElectronic reproduction.bPalo Alto, Calif. :cebrary,d2013.nAvailable via World Wide Web.nAccess may be limited to ebrary affiliated libraries. 0aFolk musiczSouthern StatesxHistory and criticism. 0aFolk songszSouthern StatesxHistory and criticism. 0aSound recordingszSouthern StatesxHistoryy20th century. 7aElectronic books.2local2 aebrary, Inc. 0aAmerican made music series.40uhttp://site.ebrary.com/lib/rucke/Doc?id=10282570zAn electronic book accessible through the World Wide Web; click to view c3526d3526